000 00342nam a2200145Ia 4500
008 191201s2006 xx 000 0 und d
082 _a005.133
_bFRH
100 _aFreeman, Eric
245 0 _aHead First HTML with CSS & HTML
250 _a1st
260 _aN.Delhi
_bSPD
_c2006
300 _a658
650 _aB.Tech(IT)
942 _2ddc
_cBK
_01
999 _c3145
_d3145